000 00819cam a2200241 a 4500
001 14475844
005 20180820051505.0
008 060801s2007 njua b 001 0 eng
010 _a 2006025219
020 _a0131958933
035 _a(OCoLC)ocm70839752
040 _aDLC
_cDLC
_dYDX
_dBAKER
_dYDXCP
_dDLC
041 _aeng
080 _a302.35
082 0 0 _a302.35
_222
100 1 _a9
101 _aMJE
245 1 0 _aOrganizations and organizing :
_cW. Richard Scott, Gerald F. Davis.
504 _aIncludes bibliographical references (p. 391-438) and indexes.
906 _a7
_bcbc
_corignew
_d1
_eecip
_f20
_gy-gencatlg
942 _2ddc
_cBK
999 _c47230
_d47230